Dalit identity: (Record no. 153747)

MARC details
000 -LEADER
fixed length control field 00752nam a22002177a 4500
005 - DATE AND TIME OF LATEST TRANSACTION
control field 20180809125211.0
010 ## - LCCN (DPL NO)
LC control number B-099156
020 ## - INTERNATIONAL STANDARD BOOK NUMBER
International Standard Book Number 8188322172
Terms of availability 400.00
035 ## - SYSTEM CONTROL NUMBER
System control number B-099156, B-099158
037 ## - SOURCE OF ACQUISITION
Source of stock number/acquisition Ocean Books Pvt. Ltd.
082 ## - DEWEY DECIMAL CLASSIFICATION NUMBER
Classification number 305.56
100 ## - MAIN ENTRY--PERSONAL NAME
Personal name Chandra, R.
245 ## - TITLE STATEMENT
Title Dalit identity:
Remainder of title history and tradition
Statement of responsibility, etc R. Chandra [and] K. L. Chanchreek
260 ## - PUBLICATION, DISTRIBUTION, ETC. (IMPRINT)
Place of publication, distribution, etc New Delhi
Name of publisher, distributor, etc Ocean Books Pvt. Ltd.
Date of publication, distribution, etc 2002
270 ## - ADDRESS
Address 4/19 Asaf Ali Road, New Delhi-110002
City New Delhi
Postal code 110002
300 ## - PHYSICAL DESCRIPTION
Extent 304p.
Dimensions 22cm(hb)
500 ## - GENERAL NOTE
General note It include index
700 ## - ADDED ENTRY--PERSONAL NAME
Personal name Chanchreek, K. L.
942 ## - ADDED ENTRY ELEMENTS (KOHA)
Source of classification or shelving scheme Dewey Decimal Classification
Item type English Books
Classification part 305.56
Call number suffix CHA
Holdings
Withdrawn status Lost status Not for loan Collection code Home library Current library Date acquired Full call number Barcode Koha item type Source of acquisition Cost, normal purchase price Cost, replacement price
      Non-fiction Sarojini Nagar Sarojini Nagar 10/07/2018 305.56 CHA B-099156 English Books      
      Non-fiction Shahdara Branch Shahdara Branch 09/08/2018 305.56 CHA B-099158 English Books BPPD/PUB 400.00 400.00

© Delhi Public Library
Hit Counter
free hit counter